| 000 | 01385nam a2200253 i 4500 | ||
|---|---|---|---|
| 001 | 164987 | ||
| 003 | ES-MaACL | ||
| 005 | 20250531063035.0 | ||
| 008 | 981211m17831784gw |||| | fre d | ||
| 040 |
_aCCPB | B _bspa _cCCPB | B |
||
| 100 | 1 |
_aSchwan, Christian Friedrich, _d1733-1815 _9104856 |
|
| 245 | 1 | 0 |
_aNouveau dictionnaire de la langue allemande et françoise _b: composé sur les dictionnaires de M. Adelung et de l'Académie Françoise : Enrichi des termes propres des sciences et des arts ... / _cpar Chrétien Frédéric Schwan ... ; revu et corrigé pour la partie françoise par M. Uriot ...; Tome Premier [-Second]. |
| 250 | _aNouvelle édition corrigée en plusieurs endroits et augmentée. | ||
| 260 |
_aA Mannheim : _bChez C. F. Schwan et M. Fontaine, Libraires, _c1783-1784. |
||
| 300 |
_a2 v. ([1] h., [10], 964 p. ; [1] h., 1151 p.) ; _c26 cm. |
||
| 594 | _aTexto en alemán y traducción en francés. | ||
| 597 | _aSign.:[ ]2)(4, )(\p4\s, )(\p4\s, A-Z4, 2A-2Z4, 3A-3Z4, 4A-4Z4, 5A-5Z4, 6A-6E4, 6F3 ; Sign.:[ ]1, A-Z4, 2A-2Z4, 3A-3Z4, 4A-4Z4, 5A-5Z4, 6A-6Z4, 7A-7F4. | ||
| 597 | _aTexto a dos col. | ||
| 650 | 4 |
_aDiccionarios políglotas- _vObras anteriores a 1800. _9165239 |
|
| 700 | 1 |
_aUriot, Joseph. _9165240 |
|
| 852 |
_aES-MaACL _jR-183-84 _z-- Enc. hol. _x-- Olim: G-4746-7 |
||
| 999 |
_c164987 _d164987 |
||